00610cam a22002174a 45000010009000000050017000090080041000260100017000670200031000840350020001150400023001350410008001580420008001660600025001740800013001990820020002121000006002321010008002382450084002465040062003301488071720180123042334.0070605s2007 ctu b 001 0 eng  a 2007023402 a9780275991784 (alk. paper) a(DNLM)101308516 aDNLM/DLCcDLCdDLC aeng apcc10a616.858 bL425a 2007 a616.858 00a616.858 LAW2221 a7 aNEU10aAsperger syndrome :cSuzanne C. Lawton ; foreword by Judyth Reichenberg-Ullman. aIncludes bibliographical references (p. [175]) and index.